| 000 | 00730nam a2200229 u 4500 | ||
|---|---|---|---|
| 005 | 20240912063830.0 | ||
| 008 | 080723s2006 r 000 0 eng d | ||
| 020 | _a9871061366 | ||
| 035 | _aUPN01000158018 | ||
| 049 | _aI | ||
| 050 | 4 |
_aPZ76.3 _bM3.52 |
|
| 100 | 1 |
_aMacchi, Claudia _941864 |
|
| 245 | 1 | 3 |
_aEl autito rojo / _cClaudia Macchi ; colab. Sandra D'Amico ; il. Roberto Bolívar. |
| 260 |
_aBuenos Aires : _bHola Chicos, _c2006. |
||
| 300 |
_a16 p. : _bprincipalmente il. col |
||
| 440 | 0 | _aPepe y sus amigos | |
| 650 | 4 |
_aCuentos infantiles argentinos _97466 |
|
| 650 | 0 |
_aAnimales _vCuentos y leyendas _9234 |
|
| 700 | 1 |
_aD'Amico, Sandra, _ecolab. _933392 |
|
| 700 | 1 |
_aBolívar, Roberto, _eil. |
|
| 905 | _aInfantil | ||
| 999 |
_c130132 _d130132 |
||